Secretory tissues in plants /
Guardado en:
| Autor Principal: | |
|---|---|
| Formato: | Libro |
| Idioma: | English |
| Publicado: |
London ; New York :
Academic Press,
1979.
|
| Etiquetas: |
Agregar Etiqueta
Sin Etiquetas, Sea el primero en etiquetar este registro!
|
| LEADER | 00531cam a2200169 a 4500 | ||
|---|---|---|---|
| 001 | EEA.libagro009787 | ||
| 005 | 20190702122607.0 | ||
| 008 | 790613s1979####enka#####b####001#0#eng## | ||
| 020 | |a 0122476506 | ||
| 082 | 0 | 0 | |a 581.821 |
| 100 | 1 | |a Fahn, A., |d 1916-2012. | |
| 245 | 1 | 0 | |a Secretory tissues in plants / |c A. Fahn. |
| 260 | |a London ; |a New York : |b Academic Press, |c 1979. | ||
| 300 | |a x, 302 p. : |b il. ; |c 24 cm. | ||
| 500 | |a Incluye índices. | ||
| 504 | |a Bibliografía: p. 247-277. | ||
| 859 | |a AR-BbBCA |b BIB. AGRONOMIA |h 581.821 |i F157 |p 1981/0099 | ||
